TRASA 11 W BIAŁYMSTOKU PART 2 - Statystyki

Ogólne statystyki
  • Ten quiz został rozwiązany 8 razy
  • Średni wynik to 10 z 12
Statystyki odpowiedzi
Hint Odpowiedź % Poprawnych
11,142 Lodowa
100%
11,142 Lodowa
100%
11,142 Lodowa/sklep
100%
5,7,9,18,19 Antoniuk fabryczny
86%
5,19,25 Hallera
86%
5,16,25,29, Hallera
86%
5,16,25,29 Hallera
86%
11 Zawady
86%
11 Zawady
86%
11 Zawady/kościół
86%
11 Zawady/Pętla
86%
11,142 Zamoyskiego
14%
Nie znaleziono quizów pasujących do podanych kryteriów
Rozkład punktacji
Procent ludzi z każdym wynikiem
Percentyl według liczby udzielonych odpowiedzi
Twoja historia wyników
Nie rozwiązałeś tego quizu